007970000a22001810004500090001400000245008900014650003100103650003000134650002100164650003000185651006100215041001300276100002600289942001300315773008500328999001500413952018700428 aARb0080810aAnnotated checklist of the vascular flora of the Chamela Bay region, Jalisco, Mexico14aTaxonimía vegetal99399714aRiqueza de especies9332614aEndemismo94855914aPlantas vasculares992265 4lEstación Biológica ChameladJaliscopMéxico9927490 aInglés1 aLott, Emily J.993998 cARTICULO1 tOccasional papers of the California Academy of Sciences3305h148q1-59d1993g2 c9898d9898 001040718HEMEROTECAaBogotabBogotad2015-02-27eRamírez, Claudia CarolinahFuera de circulaciónl0oAR 00808p011130r2015-03-25 00:00:00t1w2015-03-25xDonaciónyARTICULO